Statistics for 日本の市区町村1747

Click here to take the quiz!

General Stats

  • This quiz has been taken 53 times
  • The average score is 291 of 1747

Answer Stats

都道府県市区町村% Correct
北海道札幌市
90%
北海道旭川市
86%
北海道函館市
79%
北海道釧路市
79%
北海道北見市
76%
北海道根室市
76%
北海道稚内市
72%
北海道小樽市
72%
北海道北斗市
69%
北海道室蘭市
66%
北海道網走市
66%
北海道帯広市
62%
北海道 | 福島県伊達市
62%
北海道北広島市
62%
北海道石狩市
62%
北海道富良野市
62%
北海道苫小牧市
62%
北海道留萌市
62%
北海道夕張市
59%
北海道歌志内市
59%
北海道岩見沢市
59%
青森県青森市
55%
北海道紋別市
55%
北海道千歳市
55%
北海道滝川市
55%
秋田県秋田市
52%
北海道名寄市
52%
北海道江別市
52%
宮城県仙台市
48%
岩手県盛岡市
48%
茨城県水戸市
48%
北海道ニセコ町
48%
福島県福島市
48%
宮城県石巻市
45%
宮城県白石市
45%
長野県長野市
45%
静岡県静岡市
45%
愛知県名古屋市
45%
沖縄県那覇市
45%
山形県山形市
45%
福島県いわき市
45%
岡山県岡山市
45%
福岡県福岡市
45%
北海道砂川市
45%
北海道士別市
45%
北海道赤平市
45%
北海道深川市
45%
福岡県北九州市
45%
北海道登別市
45%
北海道芦別市
45%
広島県 | 東京都府中市
41%
北海道 | 静岡県森町
41%
北海道恵庭市
41%
宮城県名取市
41%
宮崎県宮崎市
41%
茨城県つくば市
41%
神奈川県相模原市
41%
岡山県倉敷市
41%
北海道三笠市
41%
北海道遠軽町
41%
青森県八戸市
41%
青森県弘前市
41%
埼玉県所沢市
41%
広島県広島市
41%
群馬県前橋市
41%
北海道斜里町
41%
沖縄県沖縄市
41%
愛知県豊田市
41%
新潟県新潟市
41%
青森県十和田市
38%
青森県むつ市
38%
茨城県日立市
38%
神奈川県横浜市
38%
神奈川県川崎市
38%
北海道釧路町
38%
宮城県気仙沼市
38%
岩手県花巻市
38%
山形県新庄市
38%
群馬県高崎市
38%
三重県津市
38%
島根県松江市
38%
栃木県宇都宮市
38%
福島県郡山市
38%
福島県会津若松市
38%
山口県下関市
38%
山形県鶴岡市
38%
東京都立川市
38%
山口県山口市
38%
愛媛県松山市
38%
千葉県成田市
38%
東京都港区
38%
東京都新宿区
38%
宮崎県日向市
38%
鹿児島県鹿児島市
38%
北海道礼文町
38%
香川県高松市
38%
北海道長万部町
38%
北海道美唄市
38%
北海道倶知安町
38%
北海道上川町
38%
山梨県北杜市
38%
北海道 | 愛媛県松前町
38%
北海道八雲町
38%
北海道中富良野町
38%
長崎県佐世保市
34%
北海道新ひだか町
34%
北海道えりも町
34%
埼玉県草加市
34%
北海道南富良野町
34%
長崎県長崎市
34%
埼玉県春日部市
34%
新潟県上越市
34%
佐賀県鳥栖市
34%
京都府京都市
34%
新潟県佐渡市
34%
山形県酒田市
34%
神奈川県小田原市
34%
北海道上士幌町
34%
宮城県大崎市
34%
山形県米沢市
34%
東京都品川区
34%
千葉県銚子市
34%
沖縄県東村
34%
新潟県三条市
34%
新潟県長岡市
34%
北海道 | 岐阜県 | 福井県 | 長野県池田町
34%
秋田県由利本荘市
34%
長野県軽井沢町
34%
秋田県男鹿市
34%
北海道泊村
34%
北海道中標津町
34%
青森県三沢市
34%
埼玉県さいたま市
34%
岩手県陸前高田市
34%
東京都町田市
34%
北海道新十津川町
34%
岩手県一関市
34%
栃木県日光市
34%
福岡県久留米市
34%
栃木県小山市
34%
栃木県那須塩原市
34%
静岡県熱海市
34%
神奈川県横須賀市
34%
東京都調布市
34%
北海道江差町
34%
北海道音威子府村
34%
群馬県沼田市
34%
愛知県豊橋市
34%
神奈川県平塚市
34%
静岡県浜松市
34%
東京都八王子市
34%
富山県高岡市
34%
北海道奥尻町
34%
茨城県土浦市
34%
青森県つがる市
34%
茨城県つくばみらい市
34%
北海道積丹町
31%
長野県松本市
31%
青森県五戸町
31%
静岡県掛川市
31%
東京都葛飾区
31%
静岡県湖西市
31%
東京都目黒区
31%
東京都三鷹市
31%
山梨県南アルプス市
31%
東京都渋谷区
31%
岩手県二戸市
31%
東京都中野区
31%
東京都北区
31%
鹿児島県薩摩川内市
31%
宮城県東松島市
31%
兵庫県淡路市
31%
宮崎県日南市
31%
広島県三原市
31%
北海道せたな町
31%
福島県白河市
31%
島根県出雲市
31%
福岡県太宰府市
31%
群馬県太田市
31%
広島県呉市
31%
北海道木古内町
31%
佐賀県佐賀市
31%
山口県宇部市
31%
徳島県徳島市
31%
徳島県鳴門市
31%
茨城県ひたちなか市
31%
岐阜県岐阜市
31%
茨城県取手市
31%
鳥取県鳥取市
31%
埼玉県川越市
31%
宮城県蔵王町
31%
熊本県阿蘇市
31%
静岡県磐田市
31%
東京都中央区
31%
兵庫県明石市
31%
千葉県浦安市
31%
千葉県柏市
31%
千葉県松戸市
31%
千葉県船橋市
31%
埼玉県熊谷市
31%
千葉県千葉市
31%
東京都西東京市
31%
和歌山県和歌山市
31%
長崎県大村市
31%
長崎県諫早市
31%
埼玉県秩父市
31%
青森県大間町
31%
東京都大島町
31%
北海道枝幸町
31%
愛知県一宮市
31%
北海道利尻富士町
31%
北海道利尻町
31%
北海道上富良野町
31%
石川県金沢市
31%
北海道 | 和歌山県日高町
31%
北海道厚岸町
31%
北海道浜頓別町
31%
北海道士幌町
31%
福井県福井市
31%
北海道北竜町
31%
神奈川県厚木市
31%
北海道佐呂間町
31%
北海道芽室町
31%
北海道西興部村
31%
神奈川県茅ヶ崎市
31%
新潟県糸魚川市
31%
北海道中川町
31%
新潟県燕市
31%
新潟県湯沢町
31%
北海道標津町
31%
三重県伊勢市
31%
東京都奥多摩町
31%
富山県富山市
31%
大阪府大阪市
31%
埼玉県三郷市
28%
埼玉県越谷市
28%
長崎県対馬市
28%
山形県尾花沢市
28%
北海道音更町
28%
長野県大町市
28%
山形県天童市
28%
北海道喜茂別町
28%
千葉県市原市
28%
千葉県勝浦市
28%
神奈川県真鶴町
28%
秋田県北秋田市
28%
秋田県にかほ市
28%
千葉県佐倉市
28%
熊本県天草市
28%
埼玉県日高市
28%
千葉県市川市
28%
熊本県熊本市
28%
新潟県小千谷市
28%
北海道新得町
28%
北海道黒松内町
28%
山形県村山市
28%
新潟県妙高市
28%
鳥取県米子市
28%
埼玉県本庄市
28%
滋賀県大津市
28%
茨城県北茨城市
28%
北海道下川町
28%
山梨県甲府市
28%
北海道増毛町
28%
山口県山陽小野田市
28%
茨城県神栖市
28%
山口県萩市
28%
岐阜県高山市
28%
三重県鈴鹿市
28%
栃木県足利市
28%
栃木県栃木市
28%
広島県東広島市
28%
北海道七飯町
28%
岐阜県飛騨市
28%
広島県福山市
28%
静岡県三島市
28%
栃木県那須町
28%
群馬県伊勢崎市
28%
北海道美幌町
28%
北海道美瑛町
28%
福島県二本松市
28%
福島県相馬市
28%
鳥取県大山町
28%
富山県黒部市
28%
北海道滝上町
28%
静岡県富士市
28%
北海道興部町
28%
新潟県魚沼市
28%
埼玉県川口市
28%
北海道洞爺湖町
28%
千葉県流山市
28%
北海道広尾町
28%
宮城県南三陸町
28%
岩手県一戸町
28%
北海道弟子屈町
28%
東京都文京区
28%
岩手県宮古市
28%
大阪府豊中市
28%
長野県上田市
28%
岩手県北上市
28%
長野県飯田市
28%
大阪府堺市
28%
北海道妹背牛町
28%
北海道留夜別村
28%
東京都江東区
28%
神奈川県逗子市
28%
北海道秩父別町
28%
宮崎県都城市
28%
東京都大田区
28%
沖縄県名護市
28%
青森県今別町
28%
北海道鷹栖町
28%
鹿児島県鹿屋市
28%
東京都武蔵野市
28%
北海道沼田町
28%
神奈川県藤沢市
28%
東京都豊島区
28%
青森県五所川原市
28%
東京都江戸川区
28%
鹿児島県霧島市
28%
北海道雨竜町
28%
神奈川県海老名市
28%
北海道鶴居村
28%
岩手県岩手町
28%
兵庫県神戸市
28%
北海道陸別町
28%
埼玉県 | 宮城県 | 熊本県美里町
28%
青森県横浜町
28%
大分県別府市
28%
北海道浦幌町
28%
愛知県豊川市
28%
大阪府和泉市
28%
兵庫県姫路市
28%
東京都多摩市
28%
山梨県 | 青森県 | 鳥取県南部町
28%
青森県三戸町
28%
東京都国立市
24%
東京都あきる野市
24%
岡山県津山市
24%
福井県敦賀市
24%
岐阜県中津川市
24%
滋賀県草津市
24%
山梨県大月市
24%
愛知県新城市
24%
茨城県龍ケ崎市
24%
神奈川県鎌倉市
24%
長野県諏訪市
24%
茨城県常陸太田市
24%
富山県南砺市
24%
大阪府高槻市
24%
山梨県富士吉田市
24%
山口県岩国市
24%
東京都稲城市
24%
茨城県鹿嶋市
24%
岐阜県大垣市
24%
東京都国分寺市
24%
栃木県那須烏山市
24%
大阪府守口市
24%
石川県小松市
24%
三重県四日市市
24%
東京都武蔵村山市
24%
東京都青梅市
24%
東京都小平市
24%
東京都世田谷区
24%
岐阜県下呂市
24%
大阪府枚方市
24%
大阪府東大阪市
24%
静岡県島田市
24%
兵庫県三田市
24%
大阪府交野市
24%
千葉県九十九里町
24%
新潟県新発田市
24%
千葉県館山市
24%
千葉県木更津市
24%
愛知県常滑市
24%
新潟県十日町市
24%
千葉県匝瑳市
24%
兵庫県加古川市
24%
千葉県白井市
24%
千葉県旭市
24%
千葉県習志野市
24%
神奈川県湯河原町
24%
千葉県印西市
24%
千葉県四街道市
24%
神奈川県箱根町
24%
静岡県富士宮市
24%
東京都千代田区
24%
富山県砺波市
24%
愛知県春日井市
24%
東京都足立区
24%
東京都練馬区
24%
鳥取県境港市
24%
静岡県沼津市
24%
東京都杉並区
24%
千葉県我孫子市
24%
京都府舞鶴市
24%
新潟県南魚沼市
24%
静岡県伊豆市
24%
奈良県奈良市
24%
京都府宇治市
24%
埼玉県深谷市
24%
神奈川県三浦市
24%
新潟県村上市
24%
東京都墨田区
24%
東京都台東区
24%
埼玉県和光市
24%
埼玉県久喜市
24%
神奈川県大和市
24%
大阪府茨木市
24%
長野県白馬村
24%
秋田県大仙市
24%
北海道豊富町
24%
北海道大空町
24%
岩手県奥州市
24%
福島県檜枝岐村
24%
北海道小清水町
24%
山形県東根市
24%
岩手県平泉町
24%
北海道幌延町
24%
鹿児島県指宿市
24%
北海道厚真町
24%
北海道中頓別町
24%
北海道猿払村
24%
鹿児島県枕崎市
24%
宮城県多賀城市
24%
北海道初山別村
24%
福岡県大牟田市
24%
北海道羽幌町
24%
北海道苫前町
24%
北海道白老町
24%
北海道浦河町
24%
高知県四万十市
24%
北海道白糠町
24%
青森県深浦町
24%
沖縄県石垣市
24%
佐賀県唐津市
24%
北海道留別村
24%
佐賀県嬉野市
24%
北海道羅臼町
24%
北海道別海町
24%
北海道浜中町
24%
北海道 | 静岡県清水町
24%
青森県野辺地町
24%
福島県須賀川市
24%
青森県七戸町
24%
青森県六戸町
24%
北海道足寄町
24%
青森県六ヶ所村
24%
北海道幕別町
24%
北海道中札内村
24%
北海道幌加内町
24%
青森県黒石市
24%
宮城県栗原市
24%
北海道留寿都村
24%
北海道奈井江町
24%
北海道南幌町
24%
宮崎県延岡市
24%
北海道余市町
24%
大分県大分市
24%
宮城県女川町
24%
北海道神恵内村
24%
秋田県能代市
24%
北海道寿都町
24%
北海道由仁町
24%
熊本県八代市
24%
熊本県水俣市
24%
秋田県八郎潟町
24%
秋田県大館市
24%
北海道知内町
24%
北海道福島町
24%
北海道新篠津村
24%
秋田県湯沢市
24%
北海道上砂川町
24%
北海道赤井川村
24%
北海道月形町
24%
宮城県利府町
24%
宮城県松島町
24%
北海道占冠村
24%
北海道東川町
24%
高知県高知市
24%
鹿児島県いちき串木野市
21%
沖縄県宜野湾市
21%
宮城県七ヶ浜町
21%
沖縄県浦添市
21%
秋田県横手市
21%
宮城県塩竈市
21%
青森県田舎館村
21%
大阪府能勢町
21%
東京都八丈町
21%
大阪府岬町
21%
大阪府寝屋川市
21%
宮城県岩沼市
21%
宮城県丸森町
21%
宮城県登米市
21%
大阪府摂津市
21%
青森県東北町
21%
青森県おいらせ町
21%
兵庫県宝塚市
21%
東京都東村山市
21%
鹿児島県志布志市
21%
岩手県久慈市
21%
兵庫県伊丹市
21%
岩手県大船渡市
21%
青森県階上町
21%
東京都日野市
21%
千葉県南房総市
21%
青森県佐井村
21%
千葉県富津市
21%
兵庫県尼崎市
21%
鹿児島県出水市
21%
千葉県袖ケ浦市
21%
東京都狛江市
21%
東京都東久留米市
21%
青森県東通村
21%
岩手県山田町
21%
千葉県大網白里市
21%
岩手県九戸村
21%
山口県光市
21%
青森県平川市
21%
北海道長沼町
21%
三重県名張市
21%
三重県松阪市
21%
北海道小平町
21%
北海道美深町
21%
北海道剣淵町
21%
山梨県山梨市
21%
愛知県小牧市
21%
愛知県蒲郡市
21%
愛知県安城市
21%
北海道比布町
21%
北海道東神楽町
21%
北海道浦臼町
21%
愛知県岡崎市
21%
静岡県伊豆の国市
21%
北海道遠別町
21%
長野県塩尻市
21%
北海道古平町
21%
静岡県裾野市
21%
静岡県下田市
21%
静岡県袋井市
21%
静岡県御殿場市
21%
静岡県焼津市
21%
北海道蘭越町
21%
北海道乙部町
21%
北海道厚沢部町
21%
岐阜県各務原市
21%
岐阜県美濃加茂市
21%
北海道当別町
21%
福井県小浜市
21%
三重県志摩市
21%
北海道蘂取村
21%
北海道更別村
21%
北海道紗那村
21%
北海道色丹村
21%
神奈川県伊勢原市
21%
神奈川県座間市
21%
神奈川県南足柄市
21%
神奈川県葉山町
21%
神奈川県二宮町
21%
京都府大山崎町
21%
神奈川県大井町
21%
神奈川県松田町
21%
北海道本別町
21%
千葉県東金市
21%
北海道大樹町
21%
新潟県柏崎市
21%
石川県白山市
21%
北海道平取町
21%
北海道むかわ町
21%
新潟県胎内市
21%
新潟県聖籠町
21%
京都府福知山市
21%
北海道雄武町
21%
北海道湧別町
21%
北海道訓子府町
21%
沖縄県うるま市
21%
富山県射水市
21%
滋賀県甲賀市
21%
石川県七尾市
21%
石川県輪島市
21%
京都府亀岡市
21%
東京都荒川区
21%
千葉県茂原市
21%
埼玉県蕨市
21%
山口県長門市
21%
奈良県生駒市
21%
埼玉県白岡市
21%
高知県南国市
21%
高知県土佐市
21%
広島県安芸高田市
21%
広島県廿日市市
21%
埼玉県桶川市
21%
広島県尾道市
21%
長崎県壱岐市
21%
埼玉県入間市
21%
埼玉県戸田市
21%
山形県大石田町
21%
山形県寒河江市
21%
長崎県島原市
21%
埼玉県鴻巣市
21%
岡山県新見市
21%
岡山県高梁市
21%
埼玉県狭山市
21%
福岡県柳川市
21%
群馬県桐生市
21%
埼玉県飯能市
21%
福岡県春日市
21%
鳥取県倉吉市
21%
福島県南相馬市
21%
群馬県草津町
21%
山形県上山市
21%
福島県喜多方市
21%
茨城県笠間市
21%
徳島県三好市
21%
兵庫県川西市
21%
長崎県南島原市
21%
熊本県玉名市
21%
福島県浪江町
21%
兵庫県加西市
21%
千葉県野田市
21%
北海道鹿部町
17%
岡山県総社市
17%
富山県魚津市
17%
富山県氷見市
17%
茨城県古河市
17%
徳島県阿南市
17%
茨城県常総市
17%
富山県小矢部市
17%
北海道津別町
17%
島根県益田市
17%
京都府向日市
17%
富山県舟橋村
17%
茨城県高萩市
17%
富山県立山町
17%
北海道豊頃町
17%
北海道島牧村
17%
香川県さぬき市
17%
福島県只見町
17%
福島県南会津町
17%
広島県竹原市
17%
北海道上ノ国町
17%
福岡県筑後市
17%
滋賀県米原市
17%
北海道安平町
17%
群馬県みどり市
17%
新潟県加茂市
17%
北海道鹿追町
17%
北海道様似町
17%
群馬県安中市
17%
北海道新冠町
17%
福島県国見町
17%
群馬県藤岡市
17%
群馬県渋川市
17%
島根県安来市
17%
岡山県玉野市
17%
北海道壮瞥町
17%
福岡県大野城市
17%
徳島県阿波市
17%
新潟県弥彦村
17%
北海道豊浦町
17%
岐阜県多治見市
17%
滋賀県近江八幡市
17%
福岡県大川市
17%
長野県佐久市
17%
滋賀県彦根市
17%
石川県加賀市
17%
静岡県南伊豆町
17%
福島県広野町
17%
山梨県身延町
17%
北海道当麻町
17%
山梨県昭和町
17%
愛知県瀬戸市
17%
愛媛県今治市
17%
長野県木曽町
17%
愛媛県四国中央市
17%
北海道栗山町
17%
静岡県函南町
17%
長野県安曇野市
17%
香川県宇多津町
17%
山口県周南市
17%
長野県岡谷市
17%
茨城県かすみがうら市
17%
長野県伊那市
17%
茨城県常陸大宮市
17%
長野県中野市
17%
愛媛県新居浜市
17%
長野県飯山市
17%
長野県茅野市
17%
茨城県那珂市
17%
山梨県中央市
17%
北海道愛別町
17%
愛媛県宇和島市
17%
広島県三次市
17%
北海道京極町
17%
北海道共和町
17%
福島県西会津町
17%
三重県紀北町
17%
三重県伊賀市
17%
栃木県さくら市
17%
三重県鳥羽市
17%
三重県亀山市
17%
北海道天塩町
17%
福島県猪苗代町
17%
三重県桑名市
17%
広島県府中町
17%
福島県会津坂下町
17%
島根県浜田市
17%
福井県坂井市
17%
福島県会津美里町
17%
栃木県佐野市
17%
愛知県豊根村
17%
愛知県北名古屋市
17%
茨城県牛久市
17%
茨城県境町
17%
北海道岩内町
17%
福井県越前市
17%
香川県丸亀市
17%
奈良県斑鳩町
17%
青森県田子町
17%
大阪府箕面市
17%
長崎県五島市
17%
兵庫県加東市
17%
兵庫県西宮市
17%
鹿児島県姶良市
17%
東京都小金井市
17%
埼玉県新座市
17%
兵庫県洲本市
17%
岩手県釜石市
17%
和歌山県橋本市
17%
兵庫県芦屋市
17%
埼玉県長瀞町
17%
兵庫県南あわじ市
17%
兵庫県相生市
17%
埼玉県上尾市
17%
大分県日田市
17%
岩手県遠野市
17%
奈良県橿原市
17%
大分県中津市
17%
山形県長井市
17%
奈良県明日香村
17%
埼玉県ふじみ野市
17%
宮崎県高千穂町
17%
宮城県 | 福岡県川崎町
17%
埼玉県吉川市
17%
埼玉県小川町
17%
大阪府四條畷市
17%
奈良県王寺町
17%
埼玉県八潮市
17%
奈良県吉野町
17%
奈良県十津川村
17%
大阪府阪南市
17%
大阪府門真市
17%
埼玉県蓮田市
17%
鹿児島県南さつま市
17%
岩手県雫石町
17%
埼玉県富士見市
17%
鹿児島県十島村
17%
大阪府大東市
17%
宮城県色麻町
17%
青森県鰺ヶ沢町
17%
千葉県八千代市
17%
北海道標茶町
17%
千葉県鴨川市
17%
和歌山県かつらぎ町
17%
熊本県宇土市
17%
埼玉県神川町
17%
福岡県篠栗町
17%
佐賀県伊万里市
17%
秋田県鹿角市
17%
佐賀県武雄市
17%
和歌山県新宮市
17%
佐賀県鹿島市
17%
千葉県君津市
17%
山形県鮭川村
17%
東京都小笠原村
17%
秋田県仙北市
17%
東京都青ヶ島村
17%
京都府木津川市
17%
秋田県上小阿仁村
17%
埼玉県東松山市
17%
熊本県益城町
17%
長崎県雲仙市
17%
神奈川県寒川町
17%
神奈川県大磯町
17%
奈良県宇陀市
14%
山口県防府市
14%
大分県日出町
14%
愛媛県伊予市
14%
岐阜県関市
14%
長野県野沢温泉村
14%
大阪府大阪狭山市
14%
熊本県南阿蘇村
14%
奈良県桜井市
14%
大分県国東市
14%
大阪府島本町
14%
愛媛県西条市
14%
兵庫県高砂市
14%
岐阜県美濃市
14%
高知県室戸市
14%
兵庫県赤穂市
14%
香川県小豆島町
14%
静岡県藤枝市
14%
沖縄県北谷町
14%
香川県多度津町
14%
兵庫県豊岡市
14%
徳島県小松島市
14%
静岡県伊東市
14%
兵庫県小野市
14%
静岡県東伊豆町
14%
沖縄県南大東村
14%
兵庫県神河町
14%
兵庫県新温泉町
14%
大分県佐伯市
14%
香川県善通寺市
14%
静岡県菊川市
14%
岐阜県郡上市
14%
山口県周防大島町
14%
兵庫県三木市
14%
京都府長岡京市
14%
香川県坂出市
14%
奈良県三郷町
14%
京都府綾部市
14%
鹿児島県さつま町
14%
鹿児島県屋久島町
14%
滋賀県湖南市
14%
大阪府吹田市
14%
大阪府池田市
14%
佐賀県吉野ヶ里町
14%
大阪府岸和田市
14%
滋賀県高島市
14%
滋賀県東近江市
14%
滋賀県竜王町
14%
和歌山県田辺市
14%
沖縄県糸満市
14%
福岡県みやこ町
14%
岡山県備前市
14%
和歌山県岩出市
14%
和歌山県高野町
14%
和歌山県白浜町
14%
和歌山県那智勝浦町
14%
熊本県菊陽町
14%
和歌山県北山村
14%
福岡県うきは市
14%
島根県津和野町
14%
福岡県那珂川市
14%
島根県大田市
14%
鳥取県智頭町
14%
鳥取県日吉津村
14%
和歌山県御坊市
14%
岡山県美作市
14%
愛知県津島市
14%
鹿児島県西之表市
14%
愛知県刈谷市
14%
宮崎県えびの市
14%
高知県土佐清水市
14%
広島県坂町
14%
広島県海田町
14%
鹿児島県阿久根市
14%
沖縄県宮古島市
14%
高知県香美市
14%
愛知県あま市
14%
愛知県長久手市
14%
福岡県糸島市
14%
高知県四万十町
14%
広島県庄原市
14%
長崎県平戸市
14%
鹿児島県奄美市
14%
福岡県直方市
14%
三重県尾鷲市
14%
長崎県西海市
14%
三重県熊野市
14%
三重県多気町
14%
三重県南伊勢町
14%
滋賀県長浜市
14%
鹿児島県三島村
14%
福岡県田川市
14%
和歌山県有田市
14%
大阪府河内長野市
14%
岡山県浅口市
14%
京都府宮津市
14%
茨城県守谷市
14%
青森県風間浦村
14%
茨城県行方市
14%
福井県鯖江市
14%
秋田県潟上市
14%
埼玉県三芳町
14%
福井県大野市
14%
石川県能登町
14%
栃木県真岡市
14%
茨城県五霞町
14%
茨城県東海村
14%
長野県長和町
14%
岩手県洋野町
14%
長野県辰野町
14%
茨城県石岡市
14%
石川県野々市市
14%
埼玉県東秩父村
14%
宮崎県 | 島根県 | 秋田県美郷町
14%
福島県飯舘村
14%
北海道真狩村
14%
岩手県金ケ崎町
14%
福井県あわら市
14%
山梨県富士河口湖町
14%
千葉県八街市
14%
埼玉県北本市
14%
北海道置戸町
14%
群馬県みなかみ町
14%
埼玉県行田市
14%
埼玉県朝霞市
14%
青森県藤崎町
14%
青森県大鰐町
14%
山梨県韮崎市
14%
埼玉県志木市
14%
神奈川県綾瀬市
14%
埼玉県幸手市
14%
群馬県上野村
14%
山梨県上野原市
14%
山梨県甲州市
14%
宮城県加美町
14%
宮城県大河原町
14%
群馬県館林市
14%
北海道和寒町
14%
宮城県富谷市
14%
千葉県鎌ケ谷市
14%
茨城県結城市
14%
福島県磐梯町
14%
東京都御蔵島村
14%
山形県真室川町
14%
東京都板橋区
14%
千葉県鋸南町
14%
東京都昭島市
14%
北海道今金町
14%
新潟県五泉市
14%
東京都清瀬市
14%
岩手県滝沢市
14%
三重県 | 富山県 | 山形県朝日町
14%
新潟県阿賀町
14%
山形県高畠町
14%
東京都利島村
14%
山形県 | 熊本県小国町
14%
東京都檜原村
14%
岩手県紫波町
14%
神奈川県秦野市
14%
千葉県酒々井町
14%
青森県中泊町
14%
長野県南木曽町
14%
新潟県刈羽村
14%
山形県庄内町
14%
岩手県西和賀町
14%
福島県田村市
14%
千葉県一宮町
14%
埼玉県伊奈町
10%
宮城県角田市
10%
和歌山県有田川町
10%
群馬県大泉町
10%
東京都神津島村
10%
宮崎県串間市
10%
奈良県東吉野村
10%
東京都新島村
10%
東京都福生市
10%
鹿児島県南九州市
10%
奈良県上北山村
10%
和歌山県紀の川市
10%
大阪府泉佐野市
10%
宮城県七ヶ宿町
10%
東京都三宅村
10%
大阪府八尾市
10%
奈良県下北山村
10%
東京都日の出町
10%
埼玉県加須市
10%
千葉県いすみ市
10%
千葉県御宿町
10%
奈良県田原本町
10%
埼玉県横瀬町
10%
千葉県富里市
10%
兵庫県西脇市
10%
鹿児島県垂水市
10%
埼玉県松伏町
10%
埼玉県寄居町
10%
鹿児島県日置市
10%
大阪府河南町
10%
岩手県住田町
10%
兵庫県丹波篠山市
10%
兵庫県丹波市
10%
大阪府豊能町
10%
三重県 | 群馬県明和町
10%
埼玉県小鹿野町
10%
兵庫県宍粟市
10%
兵庫県たつの市
10%
奈良県三宅町
10%
奈良県天理市
10%
岩手県八幡平市
10%
千葉県香取市
10%
埼玉県越生町
10%
奈良県葛城市
10%
奈良県五條市
10%
大阪府泉南市
10%
奈良県大和郡山市
10%
千葉県長生村
10%
奈良県大和高田市
10%
兵庫県佐用町
10%
兵庫県上郡町
10%
岩手県普代村
10%
岩手県田野畑村
10%
岩手県岩泉町
10%
宮城県亘理町
10%
長野県木祖村
10%
和歌山県太地町
10%
長崎県長与町
10%
福島県棚倉町
10%
福島県矢祭町
10%
高知県安芸市
10%
福島県塙町
10%
愛媛県愛南町
10%
愛媛県久万高原町
10%
愛媛県東温市
10%
秋田県羽後町
10%
香川県琴平町
10%
長崎県松浦市
10%
香川県三木町
10%
香川県土庄町
10%
香川県三豊市
10%
香川県東かがわ市
10%
福島県大熊町
10%
香川県観音寺市
10%
福島県双葉町
10%
福島県新地町
10%
徳島県藍住町
10%
高知県宿毛市
10%
高知県奈半利町
10%
熊本県人吉市
10%
福岡県豊前市
10%
福岡県新宮町
10%
山形県遊佐町
10%
福岡県宮若市
10%
福島県本宮市
10%
福岡県宗像市
10%
佐賀県多久市
10%
奈良県 | 山形県川西町
10%
福岡県筑紫野市
10%
福岡県中間市
10%
福岡県行橋市
10%
山形県 | 福島県金山町
10%
山形県大蔵村
10%
福岡県八女市
10%
佐賀県神埼市
10%
福岡県飯塚市
10%
福島県 | 群馬県昭和村
10%
高知県黒潮町
10%
佐賀県基山町
10%
福島県西郷村
10%
高知県大川村
10%
徳島県松茂町
10%
秋田県五城目町
10%
和歌山県古座川町
10%
群馬県下仁田町
10%
栃木県野木町
10%
栃木県那珂川町
10%
岡山県井原市
10%
岡山県笠岡市
10%
群馬県榛東村
10%
島根県隠岐の島町
10%
島根県海士町
10%
島根県江津市
10%
宮城県山元町
10%
岡山県赤磐市
10%
鳥取県日南町
10%
鳥取県伯耆町
10%
群馬県嬬恋村
10%
鳥取県湯梨浜町
10%
大分県竹田市
10%
大分県豊後高田市
10%
鳥取県岩美町
10%
和歌山県串本町
10%
群馬県玉村町
10%
岡山県瀬戸内市
10%
岡山県真庭市
10%
熊本県菊池市
10%
広島県神石高原町
10%
熊本県上天草市
10%
茨城県潮来市
10%
茨城県筑西市
10%
茨城県坂東市
10%
山口県阿武町
10%
秋田県藤里町
10%
山口県上関町
10%
山口県美祢市
10%
茨城県大洗町
10%
熊本県大津町
10%
長野県王滝村
10%
広島県江田島市
10%
栃木県鹿沼市
10%
広島県大竹市
10%
栃木県大田原市
10%
栃木県矢板市
10%
熊本県西原村
10%
岡山県西粟倉村
10%
岡山県新庄村
10%
岡山県早島町
10%
群馬県神流町
10%
埼玉県嵐山町
10%
静岡県牧之原市
10%
三重県川越町
10%
愛知県稲沢市
10%
愛知県江南市
10%
山梨県甲斐市
10%
岐阜県恵那市
10%
三重県いなべ市
10%
石川県志賀町
10%
岐阜県羽島市
10%
山梨県笛吹市
10%
北海道清里町
10%
長野県宮田村
10%
長野県根羽村
10%
長野県阿智村
10%
三重県大台町
10%
長野県中川村
10%
山梨県早川町
10%
長野県泰阜村
10%
長野県栄村
10%
三重県紀宝町
10%
沖縄県北大東村
10%
山梨県富士川町
10%
石川県羽咋市
10%
石川県珠洲市
10%
山梨県都留市
10%
福井県勝山市
10%
滋賀県栗東市
10%
岐阜県揖斐川町
10%
愛知県弥富市
10%
愛知県清須市
10%
愛知県みよし市
10%
愛知県愛西市
10%
沖縄県中城村
10%
青森県西目屋村
10%
岐阜県岐南町
10%
岐阜県安八町
10%
愛知県大治町
10%
鹿児島県与論町
10%
愛知県田原市
10%
愛知県大府市
10%
岐阜県海津市
10%
青森県外ヶ浜町
10%
愛知県武豊町
10%
青森県蓬田村
10%
青森県平内町
10%
愛知県設楽町
10%
沖縄県北中城村
10%
岐阜県富加町
10%
和歌山県 | 愛知県 | 福井県美浜町
10%
沖縄県豊見城市
10%
沖縄県南風原町
10%
富山県入善町
10%
三重県大紀町
10%
沖縄県久米島町
10%
青森県鶴田町
10%
滋賀県多賀町
10%
新潟県出雲崎町
10%
静岡県小山町
10%
滋賀県野洲市
10%
新潟県見附市
10%
神奈川県清川村
10%
京都府城陽市
10%
長野県大桑村
10%
静岡県西伊豆町
10%
静岡県川根本町
10%
静岡県河津町
10%
京都府南丹市
10%
神奈川県山北町
10%
奈良県 | 長野県川上村
10%
神奈川県中井町
10%
北海道仁木町
10%
長野県東御市
10%
鹿児島県長島町
10%
長野県山形村
10%
新潟県阿賀野市
10%
岐阜県垂井町
10%
鹿児島県中種子町
10%
新潟県粟島浦村
10%
愛知県半田市
10%
長野県松川村
10%
新潟県関川村
10%
新潟県津南町
10%
山梨県山中湖村
10%
滋賀県 | 鳥取県日野町
10%
滋賀県豊郷町
10%
岐阜県白川村
7%
長野県南相木村
7%
広島県大崎上島町
7%
広島県北広島町
7%
広島県安芸太田町
7%
長野県立科町
7%
秋田県八峰町
7%
岐阜県大野町
7%
長野県青木村
7%
茨城県鉾田市
7%
徳島県那賀町
7%
長野県北相木村
7%
茨城県河内町
7%
熊本県南小国町
7%
茨城県桜川市
7%
茨城県稲敷市
7%
岐阜県輪之内町
7%
茨城県利根町
7%
山口県和木町
7%
岐阜県神戸町
7%
長野県千曲市
7%
岐阜県関ケ原町
7%
秋田県小坂町
7%
熊本県合志市
7%
福島県葛尾村
7%
長野県原村
7%
秋田県井川町
7%
茨城県小美玉市
7%
沖縄県今帰仁村
7%
熊本県荒尾市
7%
茨城県茨城町
7%
山口県下松市
7%
徳島県美波町
7%
沖縄県宜野座村
7%
岐阜県白川町
7%
沖縄県読谷村
7%
徳島県吉野川市
7%
秋田県大潟村
7%
岐阜県東白川村
7%
長野県佐久穂町
7%
香川県直島町
7%
岐阜県七宗町
7%
沖縄県嘉手納町
7%
長崎県新上五島町
7%
徳島県美馬市
7%
徳島県東みよし町
7%
熊本県宇城市
7%
山口県柳井市
7%
福岡県赤村
7%
香川県綾川町
7%
福島県桑折町
7%
長野県生坂村
7%
福岡県みやま市
7%
福岡県朝倉市
7%
福岡県嘉麻市
7%
長野県朝日村
7%
長野県筑北村
7%
福岡県福津市
7%
長野県小谷村
7%
長野県麻績村
7%
長野県山ノ内町
7%
沖縄県伊是名村
7%
佐賀県小城市
7%
長野県小川村
7%
福島県北塩原村
7%
長野県天龍村
7%
福島県柳津町
7%
福岡県宇美町
7%
山形県白鷹町
7%
長野県売木村
7%
福岡県筑前町
7%
福岡県大任町
7%
福岡県苅田町
7%
山形県三川町
7%
福岡県吉富町
7%
福岡県上毛町
7%
福岡県大刀洗町
7%
福岡県東峰村
7%
福岡県桂川町
7%
山形県飯豊町
7%
福岡県築上町
7%
福岡県小竹町
7%
福岡県遠賀町
7%
福岡県岡垣町
7%
福岡県水巻町
7%
福岡県芦屋町
7%
福岡県粕屋町
7%
福岡県久山町
7%
福島県三島町
7%
長野県下條村
7%
岐阜県養老町
7%
愛媛県上島町
7%
沖縄県西原町
7%
愛媛県鬼北町
7%
愛媛県松野町
7%
静岡県御前崎市
7%
愛媛県内子町
7%
愛媛県砥部町
7%
長野県松川町
7%
愛媛県西予市
7%
岐阜県本巣市
7%
福島県石川町
7%
秋田県東成瀬村
7%
愛媛県大洲市
7%
長崎県時津町
7%
福島県古殿町
7%
福島県三春町
7%
香川県まんのう町
7%
福島県楢葉町
7%
福島県鮫川村
7%
長野県阿南町
7%
佐賀県みやき町
7%
山形県最上町
7%
岐阜県瑞浪市
7%
佐賀県大町町
7%
佐賀県江北町
7%
高知県中土佐町
7%
佐賀県太良町
7%
山形県舟形町
7%
高知県土佐町
7%
山形県大江町
7%
山形県南陽市
7%
高知県馬路村
7%
高知県北川村
7%
高知県安田町
7%
高知県田野町
7%
長野県平谷村
7%
福島県泉崎村
7%
山形県山辺町
7%
岐阜県可児市
7%
愛媛県伊方町
7%
熊本県多良木町
7%
沖縄県大宜味村
7%
埼玉県吉見町
7%
岩手県野田村
7%
奈良県御所市
7%
石川県宝達志水町
7%
福岡県福智町
7%
宮崎県日之影町
7%
鹿児島県喜界町
7%
兵庫県香美町
7%
石川県中能登町
7%
三重県木曽岬町
7%
三重県東員町
7%
埼玉県ときがわ町
7%
三重県菰野町
7%
兵庫県播磨町
7%
兵庫県猪名川町
7%
三重県玉城町
7%
奈良県香芝市
7%
石川県穴水町
7%
兵庫県朝来市
7%
愛知県南知多町
7%
福井県高浜町
7%
埼玉県羽生市
7%
愛知県扶桑町
7%
和歌山県海南市
7%
愛知県飛島村
7%
埼玉県坂戸市
7%
宮崎県小林市
7%
鹿児島県徳之島町
7%
愛知県東栄町
7%
長野県小諸市
7%
埼玉県鶴ヶ島市
7%
福井県越前町
7%
奈良県高取町
7%
宮崎県高鍋町
7%
奈良県曽爾村
7%
岩手県大槌町
7%
石川県川北町
7%
群馬県邑楽町
7%
大阪府松原市
7%
大阪府高石市
7%
大阪府羽曳野市
7%
大阪府柏原市
7%
神奈川県開成町
7%
京都府八幡市
7%
京都府京田辺市
7%
京都府京丹後市
7%
千葉県長南町
7%
東京都羽村市
7%
大阪府富田林市
7%
鹿児島県伊佐市
7%
京都府久御山町
7%
大阪府貝塚市
7%
大阪府泉大津市
7%
京都府精華町
7%
新潟県田上町
7%
千葉県長柄町
7%
兵庫県養父市
7%
千葉県栄町
7%
石川県かほく市
7%
埼玉県宮代町
7%
青森県板柳町
7%
富山県上市町
7%
千葉県山武市
7%
鹿児島県南種子町
7%
千葉県神崎町
7%
岩手県葛巻町
7%
千葉県多古町
7%
大阪府千早赤阪村
7%
鹿児島県曽於市
7%
大阪府田尻町
7%
大阪府熊取町
7%
岩手県矢巾町
7%
鹿児島県肝付町
7%
福井県おおい町
7%
宮崎県西都市
7%
島根県奥出雲町
7%
愛知県西尾市
7%
愛知県東海市
7%
大分県津久見市
7%
大分県臼杵市
7%
群馬県長野原町
7%
鳥取県江府町
7%
群馬県甘楽町
7%
愛知県犬山市
7%
熊本県芦北町
7%
栃木県芳賀町
7%
山梨県小菅村
7%
静岡県吉田町
7%
愛知県碧南市
7%
鳥取県若桜町
7%
宮城県村田町
7%
熊本県水上村
7%
熊本県苓北町
7%
熊本県球磨村
7%
山梨県鳴沢村
7%
沖縄県南城市
7%
群馬県富岡市
7%
沖縄県与那国町
7%
山梨県道志村
7%
熊本県五木村
7%
島根県知夫村
7%
島根県吉賀町
7%
愛知県知多市
7%
鳥取県八頭町
7%
静岡県松崎町
7%
栃木県上三川町
7%
宮城県柴田町
7%
栃木県益子町
7%
栃木県茂木町
7%
和歌山県日高川町
7%
大分県由布市
7%
大分県豊後大野市
7%
和歌山県 | 福岡県広川町
7%
群馬県板倉町
7%
愛知県尾張旭市
7%
熊本県産山村
7%
長野県須坂市
7%
大分県九重町
7%
大分県杵築市
7%
岡山県美咲町
7%
岡山県久米南町
7%
山梨県丹波山村
7%
熊本県御船町
7%
宮城県涌谷町
7%
群馬県千代田町
7%
栃木県下野市
7%
群馬県東吾妻町
7%
福井県若狭町
7%
鹿児島県大崎町
3%
沖縄県竹富町
3%
鹿児島県東串良町
3%
沖縄県国頭村
3%
鹿児島県錦江町
3%
熊本県湯前町
3%
熊本県長洲町
3%
熊本県山都町
3%
熊本県玉東町
3%
鹿児島県南大隅町
3%
沖縄県八重瀬町
3%
熊本県和水町
3%
沖縄県多良間村
3%
長崎県東彼杵町
3%
沖縄県本部町
3%
鹿児島県天城町
3%
山形県西川町
3%
宮崎県椎葉村
3%
宮崎県都農町
3%
宮崎県西米良村
3%
宮崎県新富町
3%
沖縄県渡嘉敷村
3%
大分県宇佐市
3%
長崎県佐々町
3%
大分県姫島村
3%
鹿児島県伊仙町
3%
長崎県小値賀町
3%
鹿児島県和泊町
3%
鹿児島県知名町
3%
長崎県波佐見町
3%
大分県玖珠町
3%
沖縄県座間味村
3%
宮崎県五ヶ瀬町
3%
熊本県相良村
3%
熊本県山江村
3%
沖縄県伊平屋村
3%
沖縄県恩納村
3%
鹿児島県大和村
3%
鹿児島県宇検村
3%
沖縄県金武町
3%
沖縄県渡名喜村
3%
鹿児島県瀬戸内町
3%
宮城県大和町
3%
鹿児島県龍郷町
3%
沖縄県伊江村
3%
佐賀県玄海町
3%
佐賀県有田町
3%
岩手県軽米町
3%
熊本県山鹿市
3%
佐賀県白石町
3%
青森県新郷村
3%
栃木県壬生町
3%
福岡県糸田町
3%
千葉県大多喜町
3%
兵庫県多可町
3%
埼玉県上里町
3%
埼玉県杉戸町
3%
千葉県東庄町
3%
千葉県芝山町
3%
千葉県横芝光町
3%
兵庫県 | 大阪府太子町
3%
大阪府忠岡町
3%
大阪府藤井寺市
3%
兵庫県市川町
3%
東京都東大和市
3%
東京都瑞穂町
3%
京都府与謝野町
3%
京都府伊根町
3%
京都府京丹波町
3%
京都府南山城村
3%
京都府和束町
3%
京都府笠置町
3%
京都府宇治田原町
3%
兵庫県稲美町
3%
兵庫県福崎町
3%
神奈川県愛川町
3%
奈良県天川村
3%
群馬県片品村
3%
群馬県川場村
3%
和歌山県すさみ町
3%
和歌山県上富田町
3%
和歌山県由良町
3%
和歌山県湯浅町
3%
和歌山県九度山町
3%
和歌山県紀美野町
3%
福岡県添田町
3%
奈良県黒滝村
3%
埼玉県川島町
3%
奈良県下市町
3%
奈良県大淀町
3%
奈良県河合町
3%
奈良県広陵町
3%
奈良県安堵町
3%
埼玉県毛呂山町
3%
奈良県平群町
3%
奈良県山添村
3%
埼玉県滑川町
3%
京都府井手町
3%
滋賀県愛荘町
3%
鳥取県三朝町
3%
岐阜県瑞穂市
3%
長野県飯島町
3%
長野県南箕輪村
3%
岐阜県御嵩町
3%
岐阜県八百津町
3%
岐阜県川辺町
3%
岐阜県坂祝町
3%
岐阜県北方町
3%
岐阜県笠松町
3%
熊本県 | 長野県高森町
3%
岐阜県山県市
3%
長野県富士見町
3%
岐阜県土岐市
3%
長野県喬木村
3%
長野県豊丘村
3%
長野県飯綱町
3%
長野県信濃町
3%
長野県大鹿村
3%
長野県木島平村
3%
長野県坂城町
3%
長野県上松町
3%
長野県箕輪町
3%
長野県御代田町
3%
富山県滑川市
3%
愛知県大口町
3%
滋賀県守山市
3%
石川県能美市
3%
三重県御浜町
3%
三重県度会町
3%
石川県津幡町
3%
石川県内灘町
3%
福井県南越前町
3%
愛知県幸田町
3%
愛知県蟹江町
3%
愛知県東郷町
3%
長野県小海町
3%
愛知県日進市
3%
愛知県豊明市
3%
愛知県岩倉市
3%
愛知県高浜市
3%
愛知県知立市
3%
山梨県市川三郷町
3%
山梨県西桂町
3%
山梨県忍野村
3%
長野県駒ヶ根市
3%
群馬県 | 長野県高山村
3%
奈良県野迫川村
3%
鳥取県琴浦町
3%
徳島県板野町
3%
高知県須崎市
3%
福島県玉川村
3%
福島県浅川町
3%
愛媛県八幡浜市
3%
福島県小野町
3%
福島県富岡町
3%
徳島県つるぎ町
3%
徳島県上板町
3%
徳島県北島町
3%
高知県香南市
3%
徳島県海陽町
3%
徳島県牟岐町
3%
徳島県神山町
3%
鳥取県北栄町
3%
徳島県佐那河内村
3%
徳島県上勝町
3%
徳島県勝浦町
3%
茨城県下妻市
3%
山口県平生町
3%
福島県矢吹町
3%
高知県東洋町
3%
茨城県大子町
3%
高知県三原村
3%
福岡県香春町
3%
福岡県鞍手町
3%
福岡県須恵町
3%
福岡県志免町
3%
福岡県古賀市
3%
福島県大玉村
3%
福岡県小郡市
3%
福島県湯川村
3%
高知県大月町
3%
高知県芸西村
3%
高知県津野町
3%
高知県日高村
3%
高知県梼原町
3%
高知県越知町
3%
高知県佐川町
3%
高知県仁淀川町
3%
高知県いの町
3%
高知県大豊町
3%
高知県本山町
3%
山口県田布施町
3%
徳島県石井町
3%
茨城県美浦村
3%
岡山県鏡野町
3%
群馬県中之条町
3%
群馬県 | 長野県南牧村
3%
島根県雲南市
3%
島根県飯南町
3%
島根県川本町
3%
島根県邑南町
3%
群馬県吉岡町
3%
島根県西ノ島町
3%
栃木県塩谷町
3%
岡山県和気町
3%
岡山県里庄町
3%
岡山県矢掛町
3%
長野県下諏訪町
3%
岡山県勝央町
3%
岡山県奈義町
3%
茨城県八千代町
3%
広島県熊野町
3%
茨城県阿見町
3%
広島県世羅町
3%
岡山県吉備中央町
3%
福島県天栄村
0%
栃木県市貝町
0%
栃木県高根沢町
0%
秋田県三種町
0%
佐賀県上峰町
0%
熊本県あさぎり町
0%
茨城県城里町
0%
福島県下郷町
0%
福島県鏡石町
0%
沖縄県与那原町
0%
熊本県錦町
0%
山形県戸沢村
0%
沖縄県粟国村
0%
和歌山県印南町
0%
福島県川俣町
0%
和歌山県みなべ町
0%
宮城県大衡村
0%
宮城県大郷町
0%
千葉県白子町
0%
長野県小布施町
0%
福岡県大木町
0%
千葉県睦沢町
0%
埼玉県皆野町
0%
静岡県長泉町
0%
奈良県上牧町
0%
宮崎県木城町
0%
埼玉県鳩山町
0%
滋賀県甲良町
0%
熊本県甲佐町
0%
鹿児島県湧水町
0%
宮崎県諸塚村
0%
福島県川内村
0%
宮崎県門川町
0%
長崎県川棚町
0%
熊本県氷川町
0%
福井県永平寺町
0%
宮崎県川南町
0%
愛知県東浦町
0%
熊本県嘉島町
0%
愛知県阿久比町
0%
福島県平田村
0%
愛知県豊山町
0%
熊本県津奈木町
0%
奈良県御杖村
0%
熊本県南関町
0%
山形県河北町
0%
福島県中島村
0%
宮崎県綾町
0%
宮崎県国富町
0%
宮崎県高原町
0%
宮崎県三股町
0%
山形県中山町
0%

Score Distribution

Percentile by Number Answered

Percent of People with Each Score

Your Score History

You have not taken this quiz